La revolución industriosa: consumo y economía doméstica desde 1650 hasta el presente
Na minha lista:
| Autor principal: | |
|---|---|
| Formato: | Livro |
| Idioma: | espanhol |
| Publicado em: |
Barcelona
Crítica
2009
|
| Colecção: | Libros de Historia
|
| Assuntos: | |
| Tags: |
Adicionar Tag
Sem tags, seja o primeiro a adicionar uma tag!
|
MARC
| LEADER | 00000cam a2200000 a 4500 | ||
|---|---|---|---|
| 001 | UCG8787 | ||
| 003 | CL-VaPUC | ||
| 008 | 111229e20090000SP |||||||||||||||||spa|d | ||
| 020 | |a 9788474239690 | ||
| 082 | 0 | 4 | |a 909.81 |b VRI |2 21 |
| 100 | 0 | |a Vries, Jan de |e author |9 559958 | |
| 245 | 1 | 3 | |a La revolución industriosa: consumo y economía doméstica desde 1650 hasta el presente |
| 300 | |a 518 p | ||
| 942 | |c BK | ||
| 945 | |d 20111229 00:00:00 |a dcastane | ||
| 260 | |a Barcelona |b Crítica |c 2009 | ||
| 650 | 0 | |a Historia universal |9 266877 | |
| 650 | 0 | |a Revolución industrial |9 309422 | |
| 650 | 0 | |a Historia económica |9 307218 | |
| 650 | 0 | |a Desarrollo económico y social |9 256320 | |
| 583 | |a last modification |c 20111229 10:48:00 |k Rodrigo Vera | ||
| 490 | 0 | |a Libros de Historia | |
| 999 | |c 346384 |d 346382 | ||
| 952 | |0 0 |1 0 |4 0 |6 909_810000000000000_VRI_2009 |7 0 |8 A |9 447066 |a BIBHIS |b BIBHIS |d 2019-11-22 |i 4819276 |l 2 |o 909.81 VRI 2009 |p 4819276 |r 2025-01-20 |s 2022-11-23 |w 2019-11-22 |y BK |k HIS | ||